[Event "9 Round Open"]
[Site "Enniscrone, Sligo, IE"]
[Date "2026.02.06"]
[Round "7"]
[White "Bartczak, Korneliusz"]
[Black "Collins, Adam"]
[Result "0-1"]
[Board "3"]
[WhiteFideId "2523558"]
[BlackFideId "2512300"]
[BlackTitle "FM"]
[WhiteElo "2077"]
[BlackElo "2312"]
[WhiteTeam "IRL"]
[BlackTeam "IRL"]
[WhiteClock "0:15:38"]
[BlackClock "0:22:34"]
[Variant "Standard"]

1. e4 {[%clk 1:30:59]}  e6 {[%clk 1:29:47]} 2. d4 {[%clk 1:31:24]}  d5 {[%clk 1:30:13]} 3. Nc3 {[%clk 1:31:50]}  Nf6 {[%clk 1:29:28]} 4. Bg5 {[%clk 1:32:01]}  dxe4 {[%clk 1:29:33]} 5. Nxe4 {[%clk 1:32:26]}  Nbd7 {[%clk 1:28:59]} 6. Qf3 {[%clk 1:32:40]}  Be7 {[%clk 1:23:44]} 7. O-O-O {[%clk 1:32:53]}  Nxe4 {[%clk 1:18:15]} 8. Bxe7 {[%clk 1:33:09]}  Qxe7 {[%clk 1:18:06]} 9. Qxe4 {[%clk 1:33:33]}  a6 {[%clk 1:11:52]} 10. Nf3 {[%clk 1:32:52]}  Nf6 {[%clk 1:10:33]} 11. Qf4 {[%clk 1:32:07]}  b6 {[%clk 1:07:34]} 12. Bd3 {[%clk 1:24:52]}  Bb7 {[%clk 1:07:51]} 13. Rhe1 {[%clk 1:22:58]}  Rd8 {[%clk 1:02:56]} 14. g4 {[%clk 1:20:30]}  Nd5 {[%clk 0:59:55]} 15. Qg3 {[%clk 1:19:42]}  Nb4 {[%clk 0:51:11]} 16. Kb1 {[%clk 1:16:49]}  Nxd3 {[%clk 0:49:56]} 17. Rxd3 {[%clk 1:16:50]}  Qd6 {[%clk 0:46:51]} 18. Qxd6 {[%clk 1:09:57]}  Rxd6 {[%clk 0:45:15]} 19. Ne5 {[%clk 1:07:04]}  O-O {[%clk 0:44:35]} 20. c3 {[%clk 1:02:36]}  Rfd8 {[%clk 0:39:31]} 21. Rde3 {[%clk 0:58:00]}  Rd5 {[%clk 0:34:40]} 22. Nc4 {[%clk 0:51:54]}  h5 {[%clk 0:29:57]} 23. h3 {[%clk 0:49:14]}  g6 {[%clk 0:27:57]} 24. Re5 {[%clk 0:47:06]}  hxg4 {[%clk 0:27:03]} 25. hxg4 {[%clk 0:47:24]}  Rxe5 {[%clk 0:25:54]} 26. Nxe5 {[%clk 0:45:09]}  g5 {[%clk 0:25:19]} 27. Kc2 {[%clk 0:38:45]}  Kg7 {[%clk 0:25:33]} 28. Nd3 {[%clk 0:35:27]}  Bf3 {[%clk 0:20:00]} 29. Ne5 {[%clk 0:31:51]}  Bd5 {[%clk 0:20:27]} 30. a3 {[%clk 0:23:26]}  Rh8 {[%clk 0:20:22]} 31. Kd2 {[%clk 0:22:49]}  Rh2 {[%clk 0:19:20]} 32. c4 {[%clk 0:17:58]}  Bb7 {[%clk 0:19:28]} 33. Re2 {[%clk 0:13:43]}  Rg2 {[%clk 0:18:51]} 34. Ke1 {[%clk 0:10:52]}  f6 {[%clk 0:18:32]} 35. Nd3 {[%clk 0:10:57]}  Kf7 {[%clk 0:18:12]} 36. c5 {[%clk 0:07:45]}  Rxg4 {[%clk 0:18:05]} 37. cxb6 {[%clk 0:08:13]}  cxb6 {[%clk 0:18:22]} 38. Rc2 {[%clk 0:08:35]}  Bd5 {[%clk 0:18:13]} 39. Rc7+ {[%clk 0:08:39]}  Kg6 {[%clk 0:18:27]} 40. Nb4 {[%clk 0:09:06]}  Re4+ {[%clk 0:18:34]} 41. Kd2 {[%clk 0:08:37]}  Rxd4+ {[%clk 0:18:56]} 42. Kc3 {[%clk 0:09:06]}  Rf4 {[%clk 0:19:06]} 43. Nxd5 {[%clk 0:09:16]}  exd5 {[%clk 0:19:33]} 44. Rc6 {[%clk 0:09:20]}  Rc4+ {[%clk 0:18:28]} 45. Rxc4 {[%clk 0:09:44]}  dxc4 {[%clk 0:18:57]} 46. Kxc4 {[%clk 0:10:12]}  g4 {[%clk 0:19:17]} 47. Kd5 {[%clk 0:10:01]}  f5 {[%clk 0:19:38]} 48. Kc6 {[%clk 0:10:19]}  f4 {[%clk 0:20:03]} 49. Kxb6 {[%clk 0:10:47]}  g3 {[%clk 0:20:27]} 50. fxg3 {[%clk 0:11:16]}  fxg3 {[%clk 0:20:45]} 51. Kxa6 {[%clk 0:11:43]}  g2 {[%clk 0:21:10]} 52. b4 {[%clk 0:12:10]}  g1=Q {[%clk 0:21:34]} 53. a4 {[%clk 0:12:37]}  Qd4 {[%clk 0:21:44]} 54. Ka5 {[%clk 0:12:52]}  Kf6 {[%clk 0:21:37]} 55. b5 {[%clk 0:13:17]}  Ke6 {[%clk 0:21:44]} 56. b6 {[%clk 0:13:37]}  Qc5+ {[%clk 0:21:24]} 57. Ka6 {[%clk 0:14:00]}  Qc4+ {[%clk 0:21:51]} 58. Kb7 {[%clk 0:14:18]}  Qxa4 {[%clk 0:22:11]} 59. Kb8 {[%clk 0:14:45]}  Kd6 {[%clk 0:22:07]} 60. b7 {[%clk 0:15:10]}  Kc6 {[%clk 0:22:23]} 61. Kc8 {[%clk 0:15:38]}  Qa6 {[%clk 0:22:34]} 0-1

[Event "9 Round Open"]
[Site "Enniscrone, Sligo, IE"]
[Date "2026.02.06"]
[Round "7"]
[White "Rakhmangulov, Andrei"]
[Black "Willems, Niels"]
[Result "1/2-1/2"]
[Board "4"]
[WhiteFideId "14101467"]
[BlackFideId "20695586"]
[WhiteTitle "IM"]
[BlackTitle "FM"]
[WhiteElo "2262"]
[BlackElo "2390"]
[WhiteTeam "UKR"]
[BlackTeam "FRA"]
[WhiteClock "0:30:09"]
[BlackClock "0:01:00"]
[Variant "Standard"]

1. d4 {[%clk 1:29:56]}  Nf6 {[%clk 1:30:12]} 2. Nf3 {[%clk 1:30:05]}  d5 {[%clk 1:30:37]} 3. c4 {[%clk 1:30:26]}  e6 {[%clk 1:31:02]} 4. cxd5 {[%clk 1:28:23]}  exd5 {[%clk 1:31:19]} 5. Nc3 {[%clk 1:28:47]}  c6 {[%clk 1:31:34]} 6. Bg5 {[%clk 1:28:39]}  h6 {[%clk 1:31:37]} 7. Bh4 {[%clk 1:28:28]}  Bf5 {[%clk 1:31:12]} 8. Bxf6 {[%clk 1:25:47]}  Qxf6 {[%clk 1:31:22]} 9. e3 {[%clk 1:25:10]}  Nd7 {[%clk 1:29:03]} 10. h3 {[%clk 1:23:55]}  Bd6 {[%clk 1:27:42]} 11. Bd3 {[%clk 1:24:14]}  O-O {[%clk 1:26:40]} 12. Bxf5 {[%clk 1:20:53]}  Qxf5 {[%clk 1:27:07]} 13. O-O {[%clk 1:21:11]}  a5 {[%clk 1:24:12]} 14. Qb3 {[%clk 1:19:46]}  Rfb8 {[%clk 1:19:21]} 15. Rfc1 {[%clk 1:19:54]}  g5 {[%clk 1:04:06]} 16. Qc2 {[%clk 1:19:19]}  Qxc2 {[%clk 1:02:39]} 17. Rxc2 {[%clk 1:19:34]}  a4 {[%clk 0:57:56]} 18. e4 {[%clk 1:18:09]}  dxe4 {[%clk 0:57:47]} 19. Nxe4 {[%clk 1:18:34]}  Bf8 {[%clk 0:56:52]} 20. Rb1 {[%clk 1:13:02]}  Re8 {[%clk 0:49:30]} 21. Nc3 {[%clk 1:08:22]}  Nb6 {[%clk 0:46:12]} 22. b3 {[%clk 1:06:54]}  a3 {[%clk 0:37:48]} 23. b4 {[%clk 1:07:05]}  Rac8 {[%clk 0:28:44]} 24. Rb3 {[%clk 1:02:54]}  Nd5 {[%clk 0:25:08]} 25. Nxd5 {[%clk 1:01:04]}  cxd5 {[%clk 0:25:37]} 26. Rxc8 {[%clk 0:59:36]}  Rxc8 {[%clk 0:26:06]} 27. g3 {[%clk 0:57:08]}  Rc4 {[%clk 0:23:45]} 28. Rxa3 {[%clk 0:57:24]}  Rxb4 {[%clk 0:24:04]} 29. Ra5 {[%clk 0:56:45]}  b5 {[%clk 0:23:02]} 30. Ra8 {[%clk 0:55:49]}  f6 {[%clk 0:22:10]} 31. Rd8 {[%clk 0:55:53]}  Ra4 {[%clk 0:22:24]} 32. Rxd5 {[%clk 0:55:41]}  b4 {[%clk 0:22:53]} 33. Rb5 {[%clk 0:53:19]}  Rxa2 {[%clk 0:23:13]} 34. Rb7 {[%clk 0:52:23]}  Ra1+ {[%clk 0:23:32]} 35. Kg2 {[%clk 0:52:47]}  Rd1 {[%clk 0:24:00]} 36. g4 {[%clk 0:52:37]}  Rd3 {[%clk 0:24:08]} 37. h4 {[%clk 0:50:10]}  b3 {[%clk 0:12:32]} 38. hxg5 {[%clk 0:45:08]}  hxg5 {[%clk 0:13:01]} 39. Ne1 {[%clk 0:43:51]}  Rc3 {[%clk 0:13:13]} 40. Nf3 {[%clk 0:44:13]}  Rd3 {[%clk 0:12:28]} 41. Ne1 {[%clk 0:43:53]}  Rxd4 {[%clk 0:11:40]} 42. Rxb3 {[%clk 0:43:57]}  Rxg4+ {[%clk 0:12:09]} 43. Kf1 {[%clk 0:43:24]}  Kf7 {[%clk 0:12:32]} 44. Nc2 {[%clk 0:42:30]}  Kg6 {[%clk 0:12:12]} 45. Rc3 {[%clk 0:41:29]}  Bd6 {[%clk 0:12:14]} 46. Ne3 {[%clk 0:40:18]}  Ra4 {[%clk 0:11:01]} 47. Kg2 {[%clk 0:39:59]}  Be5 {[%clk 0:11:08]} 48. Rb3 {[%clk 0:40:05]}  Bd4 {[%clk 0:10:40]} 49. Rd3 {[%clk 0:40:01]}  f5 {[%clk 0:10:12]} 50. Nc2 {[%clk 0:39:56]}  Ba7 {[%clk 0:10:13]} 51. Ra3 {[%clk 0:39:11]}  Rg4+ {[%clk 0:10:41]} 52. Kf1 {[%clk 0:38:56]}  Bc5 {[%clk 0:10:47]} 53. Rc3 {[%clk 0:38:50]}  Ba7 {[%clk 0:09:49]} 54. Ra3 {[%clk 0:38:19]}  Rc4 {[%clk 0:08:25]} 55. Rxa7 {[%clk 0:38:29]}  Rxc2 {[%clk 0:08:53]} 56. Ra5 {[%clk 0:38:03]}  f4 {[%clk 0:07:03]} 57. Kg2 {[%clk 0:38:15]}  g4 {[%clk 0:04:48]} 58. Kg1 {[%clk 0:38:28]}  Rd2 {[%clk 0:04:19]} 59. Rb5 {[%clk 0:38:53]}  Kf6 {[%clk 0:04:35]} 60. Ra5 {[%clk 0:39:17]}  Re2 {[%clk 0:04:50]} 61. Rb5 {[%clk 0:38:35]}  Re5 {[%clk 0:04:53]} 62. Rb4 {[%clk 0:38:51]}  Kg5 {[%clk 0:05:15]} 63. Rb8 {[%clk 0:34:46]}  Re1+ {[%clk 0:05:00]} 64. Kg2 {[%clk 0:33:54]}  f3+ {[%clk 0:03:47]} 65. Kh2 {[%clk 0:34:09]}  Rf1 {[%clk 0:03:59]} 66. Rb2 {[%clk 0:31:43]}  Kf4 {[%clk 0:04:18]} 67. Rb4+ {[%clk 0:31:57]}  Kf5 {[%clk 0:04:47]} 68. Rb5+ {[%clk 0:32:02]}  Ke4 {[%clk 0:05:14]} 69. Rb4+ {[%clk 0:31:40]}  Kd3 {[%clk 0:05:07]} 70. Rb2 {[%clk 0:29:24]}  Kc3 {[%clk 0:04:13]} 71. Ra2 {[%clk 0:29:51]}  Kb3 {[%clk 0:04:39]} 72. Rd2 {[%clk 0:30:12]}  Kc3 {[%clk 0:05:09]} 73. Ra2 {[%clk 0:30:34]}  Kd3 {[%clk 0:05:31]} 74. Rb2 {[%clk 0:30:57]}  Ra1 {[%clk 0:05:30]} 75. Rb3+ {[%clk 0:29:06]}  Ke2 {[%clk 0:05:26]} 76. Rb2+ {[%clk 0:29:31]}  Kf1 {[%clk 0:04:52]} 77. Kg3 {[%clk 0:29:53]}  Kg1 {[%clk 0:05:11]} 78. Rc2 {[%clk 0:29:09]}  Kh1 {[%clk 0:05:23]} 79. Kxg4 {[%clk 0:28:10]}  Kg2 {[%clk 0:05:52]} 80. Rb2 {[%clk 0:28:32]}  Rf1 {[%clk 0:05:44]} 81. Rb3 {[%clk 0:28:54]}  Rxf2 {[%clk 0:06:10]} 82. Ra3 {[%clk 0:29:17]}  Rf1 {[%clk 0:06:37]} 83. Rb3 {[%clk 0:29:43]}  Rf2 {[%clk 0:02:26]} 84. Ra3 {[%clk 0:30:11]}  Kg1 {[%clk 0:02:09]} 85. Kg3 {[%clk 0:30:09]}  Rf1 {[%clk 0:01:00]} 1/2-1/2

[Event "9 Round Open"]
[Site "Enniscrone, Sligo, IE"]
[Date "2026.02.06"]
[Round "7"]
[White "Liu, Jason"]
[Black "Ribeiro, Gustavo"]
[Result "1/2-1/2"]
[Board "5"]
[WhiteFideId "2514656"]
[BlackFideId "1941852"]
[WhiteTitle "FM"]
[BlackTitle "FM"]
[WhiteElo "2181"]
[BlackElo "2276"]
[WhiteTeam "IRL"]
[BlackTeam "POR"]
[WhiteClock "0:15:14"]
[BlackClock "0:23:28"]
[Variant "Standard"]

1. e4 {[%clk 1:30:57]}  e5 {[%clk 1:30:57]} 2. Nf3 {[%clk 1:31:14]}  Nc6 {[%clk 1:31:24]} 3. d4 {[%clk 1:31:35]}  exd4 {[%clk 1:31:25]} 4. Bc4 {[%clk 1:31:54]}  Nf6 {[%clk 1:31:42]} 5. e5 {[%clk 1:31:50]}  d5 {[%clk 1:32:04]} 6. Bb5 {[%clk 1:32:15]}  Nd7 {[%clk 1:32:27]} 7. O-O {[%clk 1:32:34]}  Be7 {[%clk 1:32:35]} 8. Bxc6 {[%clk 1:32:46]}  bxc6 {[%clk 1:32:59]} 9. Nxd4 {[%clk 1:33:11]}  Nb8 {[%clk 1:33:13]} 10. Nc3 {[%clk 1:33:17]}  c5 {[%clk 1:31:54]} 11. Ndb5 {[%clk 1:31:37]}  c6 {[%clk 1:31:09]} 12. Nd6+ {[%clk 1:31:47]}  Bxd6 {[%clk 1:31:26]} 13. exd6 {[%clk 1:32:13]}  Be6 {[%clk 1:28:03]} 14. Re1 {[%clk 1:29:13]}  O-O {[%clk 1:27:53]} 15. Bf4 {[%clk 1:28:22]}  Nd7 {[%clk 1:27:45]} 16. Qd2 {[%clk 1:25:41]}  Qf6 {[%clk 1:21:27]} 17. b3 {[%clk 1:20:16]}  Rfe8 {[%clk 1:07:46]} 18. Na4 {[%clk 1:13:58]}  Qd4 {[%clk 1:02:16]} 19. c3 {[%clk 1:05:53]}  Qxd2 {[%clk 1:02:24]} 20. Bxd2 {[%clk 1:06:17]}  Rab8 {[%clk 0:59:27]} 21. Be3 {[%clk 0:56:29]}  Rb5 {[%clk 0:59:41]} 22. f3 {[%clk 0:41:38]}  Reb8 {[%clk 0:42:53]} 23. Bd2 {[%clk 0:34:36]}  Kf8 {[%clk 0:39:29]} 24. b4 {[%clk 0:22:32]}  d4 {[%clk 0:24:49]} 25. Nxc5 {[%clk 0:16:18]}  Nxc5 {[%clk 0:23:28]} 26. bxc5 {[%clk 0:15:14]} 1/2-1/2

[Event "9 Round Open"]
[Site "Enniscrone, Sligo, IE"]
[Date "2026.02.06"]
[Round "7"]
[White "Machin Arbelo, Pedro Alexis"]
[Black "Ivanov, Andrey A."]
[Result "1/2-1/2"]
[Board "6"]
[WhiteFideId "2260972"]
[BlackFideId "2514311"]
[BlackTitle "CM"]
[WhiteElo "1950"]
[BlackElo "2093"]
[WhiteTeam "ESP"]
[BlackTeam "IRL"]
[WhiteClock "0:01:33"]
[BlackClock "0:30:20"]
[Variant "Standard"]

1. e4 {[%clk 1:30:47]}  c5 {[%clk 1:30:30]} 2. Nf3 {[%clk 1:30:48]}  g6 {[%clk 1:30:43]} 3. c3 {[%clk 1:31:04]}  Bg7 {[%clk 1:31:06]} 4. d4 {[%clk 1:30:02]}  cxd4 {[%clk 1:31:08]} 5. cxd4 {[%clk 1:30:25]}  d5 {[%clk 1:31:35]} 6. e5 {[%clk 1:28:41]}  a6 {[%clk 1:31:56]} 7. Qb3 {[%clk 1:22:41]}  f6 {[%clk 1:21:40]} 8. Nc3 {[%clk 1:16:29]}  e6 {[%clk 1:20:04]} 9. Bf4 {[%clk 1:11:49]}  Nc6 {[%clk 1:18:28]} 10. Rd1 {[%clk 1:05:46]}  fxe5 {[%clk 1:14:09]} 11. dxe5 {[%clk 0:50:03]}  Qc7 {[%clk 1:12:26]} 12. Bd3 {[%clk 0:30:02]}  Nge7 {[%clk 1:12:17]} 13. O-O {[%clk 0:24:06]}  O-O {[%clk 1:10:37]} 14. Bg3 {[%clk 0:14:07]}  b5 {[%clk 1:07:52]} 15. Rfe1 {[%clk 0:12:02]}  Rxf3 {[%clk 1:07:31]} 16. gxf3 {[%clk 0:11:36]}  Nd4 {[%clk 1:07:53]} 17. Qa3 {[%clk 0:09:11]}  Nxf3+ {[%clk 1:06:46]} 18. Kf1 {[%clk 0:09:29]}  Nxe1 {[%clk 1:04:49]} 19. Rxe1 {[%clk 0:05:24]}  Qb7 {[%clk 1:03:49]} 20. Qb4 {[%clk 0:01:22]}  Nc6 {[%clk 1:03:59]} 21. Qg4 {[%clk 0:01:23]}  Bd7 {[%clk 1:03:38]} 22. h4 {[%clk 0:01:47]}  Qb6 {[%clk 1:01:13]} 23. Nxd5 {[%clk 0:01:01]}  Qd4 {[%clk 0:48:46]} 24. Qxd4 {[%clk 0:01:29]}  Nxd4 {[%clk 0:49:14]} 25. Be4 {[%clk 0:01:28]}  Rd8 {[%clk 0:47:51]} 26. Nf6+ {[%clk 0:00:56]}  Bxf6 {[%clk 0:47:20]} 27. exf6 {[%clk 0:01:25]}  Kf7 {[%clk 0:45:48]} 28. Rd1 {[%clk 0:01:27]}  Bc6 {[%clk 0:46:06]} 29. Be5 {[%clk 0:01:06]}  Bxe4 {[%clk 0:45:29]} 30. Rxd4 {[%clk 0:01:23]}  Bd5 {[%clk 0:45:58]} 31. a3 {[%clk 0:01:13]}  Rc8 {[%clk 0:46:20]} 32. Ke2 {[%clk 0:00:41]}  Rc2+ {[%clk 0:44:48]} 33. Ke3 {[%clk 0:00:38]}  Ke8 {[%clk 0:41:39]} 34. a4 {[%clk 0:00:47]}  h6 {[%clk 0:39:51]} 35. axb5 {[%clk 0:01:08]}  axb5 {[%clk 0:40:20]} 36. Rd2 {[%clk 0:00:47]}  Rc1 {[%clk 0:40:26]} 37. Bf4 {[%clk 0:00:55]}  Kf7 {[%clk 0:39:15]} 38. Bxh6 {[%clk 0:01:04]}  Kxf6 {[%clk 0:39:43]} 39. Bg5+ {[%clk 0:01:33]}  Kf7 {[%clk 0:38:15]} 40. Rd4 {[%clk 0:01:29]}  Rc2 {[%clk 0:37:34]} 41. Rf4+ {[%clk 0:01:38]}  Kg8 {[%clk 0:34:37]} 42. Bf6 {[%clk 0:01:42]}  Bc4 {[%clk 0:34:16]} 43. Bc3 {[%clk 0:01:33]}  Re2+ {[%clk 0:32:49]} 44. Kf3 {[%clk 0:02:01]}  Rc2 {[%clk 0:33:17]} 45. Ke3 {[%clk 0:02:13]}  Kh7 {[%clk 0:31:23]} 46. Rd4 {[%clk 0:00:43]}  Kh6 {[%clk 0:30:44]} 47. Rd2 {[%clk 0:00:53]}  Rxd2 {[%clk 0:29:19]} 48. Kxd2 {[%clk 0:01:19]}  Kh5 {[%clk 0:29:36]} 49. Bf6 {[%clk 0:01:46]}  Kg4 {[%clk 0:30:01]} 50. Ke3 {[%clk 0:01:33]}  Kf5 {[%clk 0:30:20]} 1/2-1/2

[Event "9 Round Open"]
[Site "Enniscrone, Sligo, IE"]
[Date "2026.02.06"]
[Round "7"]
[White "Hushpit, Lukian"]
[Black "McGill, Derek"]
[Result "1-0"]
[Board "7"]
[WhiteFideId "14189208"]
[BlackFideId "2510375"]
[WhiteElo "2100"]
[BlackElo "1853"]
[WhiteTeam "IRL"]
[BlackTeam "IRL"]
[WhiteClock "0:09:38"]
[BlackClock "0:01:01"]
[Variant "Standard"]

1. e4 {[%clk 1:30:58]}  c6 {[%clk 1:30:39]} 2. d4 {[%clk 1:31:25]}  d5 {[%clk 1:31:05]} 3. Nc3 {[%clk 1:31:51]}  dxe4 {[%clk 1:31:16]} 4. Nxe4 {[%clk 1:32:17]}  Nf6 {[%clk 1:31:37]} 5. Nxf6+ {[%clk 1:32:41]}  exf6 {[%clk 1:31:59]} 6. c3 {[%clk 1:33:03]}  Bd6 {[%clk 1:32:12]} 7. Bd3 {[%clk 1:33:26]}  O-O {[%clk 1:32:36]} 8. Qc2 {[%clk 1:33:48]}  Re8+ {[%clk 1:33:01]} 9. Ne2 {[%clk 1:34:13]}  h5 {[%clk 1:33:07]} 10. O-O {[%clk 1:34:30]}  h4 {[%clk 1:30:35]} 11. h3 {[%clk 1:34:37]}  Qc7 {[%clk 1:29:43]} 12. Be3 {[%clk 1:34:08]}  Nd7 {[%clk 1:28:26]} 13. Rad1 {[%clk 1:33:17]}  Nf8 {[%clk 1:27:39]} 14. c4 {[%clk 1:27:37]}  b6 {[%clk 1:26:17]} 15. Rfe1 {[%clk 1:23:50]}  Bb7 {[%clk 1:22:22]} 16. Nc3 {[%clk 1:15:01]}  Rad8 {[%clk 1:17:13]} 17. a3 {[%clk 1:09:33]}  a5 {[%clk 1:17:19]} 18. Qe2 {[%clk 0:54:24]}  g5 {[%clk 0:42:09]} 19. Qf3 {[%clk 0:44:10]}  Kg7 {[%clk 0:40:56]} 20. Ne4 {[%clk 0:41:35]}  Be7 {[%clk 0:37:20]} 21. Bc2 {[%clk 0:32:55]}  Qd7 {[%clk 0:33:05]} 22. Nc3 {[%clk 0:26:56]}  Qc7 {[%clk 0:29:35]} 23. Be4 {[%clk 0:20:56]}  Ba8 {[%clk 0:25:28]} 24. d5 {[%clk 0:17:24]}  cxd5 {[%clk 0:21:36]} 25. Bxd5 {[%clk 0:17:36]}  Nd7 {[%clk 0:12:51]} 26. Bxa8 {[%clk 0:14:43]}  Rxa8 {[%clk 0:12:53]} 27. Nd5 {[%clk 0:10:57]}  Qb7 {[%clk 0:12:33]} 28. Nxf6 {[%clk 0:10:56]}  Qxf3 {[%clk 0:12:25]} 29. Nxe8+ {[%clk 0:11:23]}  Rxe8 {[%clk 0:11:23]} 30. gxf3 {[%clk 0:11:05]}  Ne5 {[%clk 0:10:20]} 31. Bd4 {[%clk 0:10:48]}  Bf6 {[%clk 0:10:24]} 32. Kg2 {[%clk 0:10:29]}  Re6 {[%clk 0:09:49]} 33. Re4 {[%clk 0:09:37]}  Rd6 {[%clk 0:01:37]} 34. Rxe5 {[%clk 0:09:49]}  Rxd4 {[%clk 0:01:34]} 35. Rxd4 {[%clk 0:08:13]}  Bxe5 {[%clk 0:01:55]} 36. Rd5 {[%clk 0:08:29]}  f6 {[%clk 0:01:03]} 37. Rd7+ {[%clk 0:08:37]}  Kg6 {[%clk 0:01:21]} 38. b4 {[%clk 0:08:48]}  axb4 {[%clk 0:00:43]} 39. axb4 {[%clk 0:09:17]}  Bc3 {[%clk 0:01:01]} 40. c5 {[%clk 0:09:38]} 1-0

[Event "9 Round Open"]
[Site "Enniscrone, Sligo, IE"]
[Date "2026.02.06"]
[Round "7"]
[White "Fernandez Manrique, Agustin"]
[Black "Melling, Jonathon"]
[Result "1-0"]
[Board "8"]
[WhiteFideId "2231000"]
[BlackFideId "841790"]
[WhiteTitle "CM"]
[WhiteElo "2038"]
[BlackElo "1878"]
[WhiteTeam "ESP"]
[BlackTeam "IRL"]
[WhiteClock "0:25:51"]
[BlackClock "0:24:58"]
[Variant "Standard"]

1. c4 {[%clk 1:30:53]}  c6 {[%clk 1:30:58]} 2. Nf3 {[%clk 1:31:13]}  Nf6 {[%clk 1:31:16]} 3. d4 {[%clk 1:30:54]}  d5 {[%clk 1:31:39]} 4. e3 {[%clk 1:31:08]}  e6 {[%clk 1:31:39]} 5. Nbd2 {[%clk 1:30:58]}  a6 {[%clk 1:30:57]} 6. Bd3 {[%clk 1:30:50]}  Nbd7 {[%clk 1:25:07]} 7. O-O {[%clk 1:30:50]}  Be7 {[%clk 1:24:23]} 8. e4 {[%clk 1:28:58]}  dxc4 {[%clk 1:20:21]} 9. Nxc4 {[%clk 1:28:35]}  b5 {[%clk 1:17:14]} 10. Nce5 {[%clk 1:22:32]}  Nxe5 {[%clk 1:17:05]} 11. Nxe5 {[%clk 1:22:19]}  Bb7 {[%clk 1:16:38]} 12. Be3 {[%clk 1:20:21]}  Nd7 {[%clk 1:09:30]} 13. Nxd7 {[%clk 1:06:08]}  Qxd7 {[%clk 1:09:29]} 14. Rc1 {[%clk 1:06:08]}  Rd8 {[%clk 1:06:53]} 15. Qg4 {[%clk 1:05:40]}  Bf6 {[%clk 1:04:55]} 16. e5 {[%clk 1:04:14]}  h5 {[%clk 0:58:59]} 17. Qg3 {[%clk 1:00:51]}  h4 {[%clk 0:59:03]} 18. Qg4 {[%clk 1:01:10]}  Bxe5 {[%clk 0:58:55]} 19. dxe5 {[%clk 1:01:26]}  Qxd3 {[%clk 0:59:20]} 20. Rfd1 {[%clk 0:56:03]}  Qg6 {[%clk 0:45:08]} 21. Rxd8+ {[%clk 0:54:07]}  Kxd8 {[%clk 0:45:35]} 22. Qd4+ {[%clk 0:32:30]}  Kc8 {[%clk 0:45:56]} 23. Rd1 {[%clk 0:31:30]}  h3 {[%clk 0:34:31]} 24. g3 {[%clk 0:31:43]}  Kb8 {[%clk 0:32:16]} 25. Qd6+ {[%clk 0:27:29]}  Ka8 {[%clk 0:32:33]} 26. Qc7 {[%clk 0:25:33]}  Rc8 {[%clk 0:24:54]} 27. Qb6 {[%clk 0:25:25]}  c5 {[%clk 0:25:18]} 28. Bxc5 {[%clk 0:25:38]}  Kb8 {[%clk 0:24:22]} 29. Qa7+ {[%clk 0:25:58]}  Kc7 {[%clk 0:24:39]} 30. Bb6+ {[%clk 0:25:28]}  Kc6 {[%clk 0:24:58]} 31. Rd6# {[%clk 0:25:51]} 1-0

[Event "9 Round Open"]
[Site "Enniscrone, Sligo, IE"]
[Date "2026.02.06"]
[Round "7"]
[White "Barnes, Oliver"]
[Black "Gulljord, Birk"]
[Result "1-0"]
[Board "9"]
[WhiteFideId "2517604"]
[BlackFideId "1542753"]
[WhiteElo "2013"]
[BlackElo "1923"]
[WhiteTeam "IRL"]
[BlackTeam "NOR"]
[WhiteClock "0:09:37"]
[BlackClock "0:06:31"]
[Variant "Standard"]

1. d4 {[%clk 1:30:53]}  d5 {[%clk 1:30:50]} 2. Nf3 {[%clk 1:31:02]}  Nf6 {[%clk 1:31:00]} 3. e3 {[%clk 1:30:43]}  c6 {[%clk 1:29:55]} 4. Bd3 {[%clk 1:28:11]}  Bg4 {[%clk 1:30:11]} 5. Nbd2 {[%clk 1:27:06]}  e6 {[%clk 1:30:12]} 6. O-O {[%clk 1:25:50]}  Nbd7 {[%clk 1:29:17]} 7. b3 {[%clk 1:21:12]}  Be7 {[%clk 1:29:17]} 8. Bb2 {[%clk 1:21:26]}  Rc8 {[%clk 1:28:40]} 9. c4 {[%clk 1:16:01]}  c5 {[%clk 1:26:22]} 10. cxd5 {[%clk 1:15:24]}  exd5 {[%clk 1:26:26]} 11. h3 {[%clk 1:13:50]}  Bh5 {[%clk 1:26:03]} 12. dxc5 {[%clk 1:05:21]}  Nxc5 {[%clk 1:22:43]} 13. Bb5+ {[%clk 1:02:01]}  Ncd7 {[%clk 1:20:43]} 14. Rc1 {[%clk 0:55:20]}  O-O {[%clk 1:15:54]} 15. Rxc8 {[%clk 0:50:54]}  Qxc8 {[%clk 1:16:14]} 16. Qa1 {[%clk 0:51:04]}  Nc5 {[%clk 1:01:59]} 17. Rc1 {[%clk 0:46:26]}  Qd8 {[%clk 0:44:40]} 18. Be5 {[%clk 0:41:25]}  a6 {[%clk 0:38:28]} 19. Bf1 {[%clk 0:40:42]}  Bg6 {[%clk 0:33:33]} 20. Qd4 {[%clk 0:36:27]}  Ne6 {[%clk 0:31:53]} 21. Qb2 {[%clk 0:35:10]}  Ne4 {[%clk 0:22:48]} 22. b4 {[%clk 0:23:21]}  Bd6 {[%clk 0:19:50]} 23. a3 {[%clk 0:22:34]}  f6 {[%clk 0:15:02]} 24. Bxd6 {[%clk 0:21:06]}  Qxd6 {[%clk 0:14:52]} 25. Nh4 {[%clk 0:17:19]}  N6g5 {[%clk 0:11:38]} 26. Nxg6 {[%clk 0:16:57]}  hxg6 {[%clk 0:11:52]} 27. Qd4 {[%clk 0:15:11]}  Re8 {[%clk 0:09:15]} 28. Rd1 {[%clk 0:13:01]}  Rd8 {[%clk 0:07:14]} 29. Nxe4 {[%clk 0:10:39]}  Nxe4 {[%clk 0:07:34]} 30. Bc4 {[%clk 0:09:22]}  f5 {[%clk 0:06:31]} 31. Bxd5+ {[%clk 0:09:37]} 1-0

[Event "9 Round Open"]
[Site "Enniscrone, Sligo, IE"]
[Date "2026.02.06"]
[Round "7"]
[White "O`Flaherty, Kevin"]
[Black "Alvarez Jimenez, Alfonso"]
[Result "1-0"]
[Board "10"]
[WhiteFideId "2502283"]
[BlackFideId "2297418"]
[WhiteElo "1956"]
[BlackElo "1868"]
[WhiteTeam "IRL"]
[BlackTeam "ESP"]
[WhiteClock "0:12:05"]
[BlackClock "0:09:29"]
[Variant "Standard"]

1. d4 {[%clk 1:30:57]}  d5 {[%clk 1:28:46]} 2. Nf3 {[%clk 1:31:16]}  Nf6 {[%clk 1:29:06]} 3. Bf4 {[%clk 1:31:18]}  c5 {[%clk 1:28:48]} 4. e3 {[%clk 1:31:35]}  Nc6 {[%clk 1:29:04]} 5. Nbd2 {[%clk 1:31:37]}  Qb6 {[%clk 1:26:15]} 6. dxc5 {[%clk 1:31:11]}  Qxb2 {[%clk 1:26:34]} 7. Rb1 {[%clk 1:18:44]}  Qc3 {[%clk 1:26:48]} 8. Bb5 {[%clk 1:07:32]}  e6 {[%clk 1:24:43]} 9. Bxc6+ {[%clk 0:54:34]}  bxc6 {[%clk 1:24:52]} 10. O-O {[%clk 0:52:38]}  Be7 {[%clk 1:24:11]} 11. Nb3 {[%clk 0:46:33]}  Qb4 {[%clk 1:20:37]} 12. Ne5 {[%clk 0:42:52]}  Qa4 {[%clk 1:16:04]} 13. Qd4 {[%clk 0:39:18]}  Qa6 {[%clk 1:12:03]} 14. h3 {[%clk 0:30:31]}  O-O {[%clk 1:10:21]} 15. f3 {[%clk 0:26:23]}  Nd7 {[%clk 1:03:32]} 16. Nxd7 {[%clk 0:24:40]}  Bxd7 {[%clk 1:03:48]} 17. Qb4 {[%clk 0:23:27]}  Rfc8 {[%clk 0:58:36]} 18. Nd4 {[%clk 0:18:54]}  Bf6 {[%clk 0:57:34]} 19. Qb7 {[%clk 0:19:08]}  Qxb7 {[%clk 0:58:10]} 20. Rxb7 {[%clk 0:19:34]}  Be8 {[%clk 0:58:15]} 21. Bg3 {[%clk 0:19:31]}  g6 {[%clk 0:53:02]} 22. Bd6 {[%clk 0:18:23]}  e5 {[%clk 0:51:17]} 23. Ne2 {[%clk 0:18:43]}  Bg7 {[%clk 0:49:20]} 24. f4 {[%clk 0:18:47]}  e4 {[%clk 0:46:54]} 25. Rfb1 {[%clk 0:18:50]}  Bf8 {[%clk 0:41:24]} 26. Bxf8 {[%clk 0:18:06]}  Kxf8 {[%clk 0:38:02]} 27. Nd4 {[%clk 0:18:22]}  Rd8 {[%clk 0:36:04]} 28. a4 {[%clk 0:17:22]}  Rd7 {[%clk 0:33:00]} 29. a5 {[%clk 0:17:31]}  Re7 {[%clk 0:16:29]} 30. f5 {[%clk 0:15:25]}  gxf5 {[%clk 0:14:58]} 31. Nxf5 {[%clk 0:15:45]}  Rd7 {[%clk 0:12:40]} 32. a6 {[%clk 0:15:03]}  Rad8 {[%clk 0:12:34]} 33. Kf2 {[%clk 0:11:22]}  f6 {[%clk 0:10:40]} 34. Rb8 {[%clk 0:10:41]}  Bg6 {[%clk 0:09:37]} 35. Nd4 {[%clk 0:11:00]}  Kf7 {[%clk 0:09:30]} 36. Rxd8 {[%clk 0:11:22]}  Rxd8 {[%clk 0:09:45]} 37. Rb7+ {[%clk 0:11:43]}  Kf8 {[%clk 0:09:29]} 38. Ne6+ {[%clk 0:12:05]} 1-0